Dawn's Pokemon - Statistics

General Stats
  • This quiz has been taken 7 times
  • The average score is 13 of 32
Answer Stats
Hint Answer % Correct
Sinnoh Ambipom
100%
Sinnoh Piplup
100%
Sinnoh Empoleon
75%
Sinnoh Mamoswine
75%
Sinnoh Prinplup
75%
Sinnoh Bidoof
50%
Sinnoh Chimchar
50%
Sinnoh Grotle
50%
Sinnoh Infernape
50%
Sinnoh Monferno
50%
Sinnoh Togekiss
50%
Sinnoh Torterra
50%
Sinnoh Turtwig
50%
Sinnoh Arcanine
25%
Sinnoh Bellossom
25%
Sinnoh Blastoise
25%
Sinnoh Clefable
25%
Sinnoh Clefairy
25%
Sinnoh Crobat
25%
Sinnoh Froslass
25%
Sinnoh Gorebyss
25%
Sinnoh Honchkrow
25%
Sinnoh Kadabra
25%
Sinnoh Lickilicky
25%
Sinnoh Lopunny
25%
Sinnoh Magmortar
25%
Sinnoh Milotic
25%
Sinnoh Mr. Mime
25%
Sinnoh Sceptile
25%
Sinnoh Tangrowth
25%
Sinnoh Typhlosion
25%
Sinnoh Wormadam
25%
No matching quizzes found
Score Distribution
Percent of People with Each Score
Percentile by Number Answered
Your Score History
You have not taken this quiz